000 00855cam a22001934a 4500
005 20250605164336.0
008 250528s ||||||||||||||||||||||||d
035 _a23456
040 _aGR-AtMCL
_bgre
_dGR-AtMCL
_eAACR2
245 1 _aThe Experiences of Pediatricians./Stress Less Doctors, Happier Clients.
260 _c2016
300 _a88
520 _aIntroduction, Theories Behind Stress, Demographics, Potential Work-Related Stressors, Rationale, Methodology, Analytic Approach, Participants, Procedure, Analysis, Special Cases of Pediatricians, Breaking Bad News for Doctors, Demands of Job, Communication Between Family Memebers, Interaction with Family, Discussion, Reflexivity, References, Appendix.
700 1 _aChrysanthakopoulos Maria
_99024
700 1 _aLouka Penelope
_99017
942 _cDS
999 _c8466
_d8466